[Event "Pardubice Medis op"]
[Site "Pardubice"]
[Date "2007.07.15"]
[Round "5"]
[White "Ketzetzis, Georgios"]
[Black "Rosenbaum, Vit"]
[Result "1-0"]
[WhiteElo "2045"]
[BlackElo "1845"]
[PlyCount "55"]
[EventDate "2007.07.12"]
[EventType "swiss"]
[EventRounds "9"]
[EventCountry "CZE"]
[SourceTitle "EXT 2008"]
[Source "ChessBase"]
[SourceDate "2007.11.25"]
[SourceVersion "1"]
[SourceVersionDate "2007.11.25"]
[SourceQuality "1"]

1. e4 e6 2. d4 d5 3. Nc3 Nf6 4. Bg5 dxe4 5. Nxe4 Be7 6. Bxf6 Bxf6 7. Nf3 Nc6 8. c3 0-0 9. Qd2 b6 10. Bd3 Bb7 11. h4 Rc8 12. Nfg5 g6 13. h5 h6 14. Nh7 Bg7 15. Nxf8 Qxf8 16. hxg6 fxg6 17. 0-0-0 Ne7 18. Rde1 Nd5 19. Rh4 g5 20. Nxg5 hxg5 21. Bh7+ Kf7 22. Qxg5 Bf6 23. Qh5+ Ke7 24. Rhe4 Kd7 25. Rxe6 Qg7 26. Bf5 Qg5+ 27. Kb1 Qxh5 28. Re7+ 1-0